os 10 países mais felizes do mundo (2023) - Statistics

Estatísticas Gerais
  • Esse quiz foi jogado 93 vezes
  • A pontuação média é 7 de 10
Estatísticas das Respostas
Hint Resposta % Correto
7 Noruega
90%
6 Suécia
90%
1 Finlândia
89%
2 Dinamarca
84%
8 Suíça
79%
3 Islândia
77%
5 Países baixos/Holanda
52%
9 Luxemburgo
41%
10 Nova zelândia
39%
4 Israel
11%
Nenhum quiz correspondente encontrado
Distribuição das Pontuações
Porcentagem de Pessoas com Cada Pontuação
Percentil de Números Respondidos
Sua Pontuação Histórica
Você não jogou esse quiz